000 00441nam a2200145Ia 4500
008 230917s9999||||xx |||||||||||||| ||und||
040 _e176362
_aMAIN
041 _aEnglish
082 _a891.431731 GP154S
100 _aज्ञानेन्द्रपीत
245 0 _aसंशयात्मा
260 _aनई दिल्ली
_bराधाकृष्ण प्रकाशन
_c2010
300 _a263 p.
942 _cHN
999 _c155862
_d155862